| Поле | Инд. | ПП | Название | Значение |
|---|---|---|---|---|
| Тип записи | a | |||
| Библиографический уровень | b | |||
| 001 | Контрольный номер | RU/IS/BASE/137849746 | ||
| 005 | Дата корректировки | 20210118112418.8 | ||
| 084 | a | Индекс другой классификации/Индекс ББК | 88.542.5; 88.9 | |
| 100 | 1_ | a | Автор | Сухарев А. В. |
| 245 | 10 | a | Заглавие | Теоретико-методологические следствия введения понятий этнофункциональной психической архегении и анархегении |
| 520 | 0_ | a | Аннотация | Рассматривается проблема добра и зла в творчестве, психотерапии и воспитании. Изучается этнофункциональный подход к взаимосвязи творчества, воспитания и психотерапии и этнофункциональный подход к психическому развитию личности. |
| 650 | 04 | a | Основная рубрика | практическая психология (прикладная психология) |
| a | Основная рубрика | психология | ||
| a | Основная рубрика | социальная психология | ||
| a | Основная рубрика | этническая психология (этнопсихология) | ||
| 653 | 0_ | a | Ключевые слова | анархегеничный этноид |
| a | Ключевые слова | анархегения | ||
| a | Ключевые слова | архегеничный этноид | ||
| a | Ключевые слова | архегения | ||
| a | Ключевые слова | виртуальная этничность | ||
| a | Ключевые слова | воспитание | ||
| a | Ключевые слова | добро | ||
| a | Ключевые слова | зло | ||
| a | Ключевые слова | методология науки | ||
| a | Ключевые слова | психическая адаптация | ||
| a | Ключевые слова | психический дизонтогенез | ||
| a | Ключевые слова | психотерапия | ||
| a | Ключевые слова | развитие психики (филогенез психики) | ||
| a | Ключевые слова | творчество | ||
| a | Ключевые слова | этническая маргинальность | ||
| a | Ключевые слова | этничность | ||
| a | Ключевые слова | этнофункциональная психическая анархегения | ||
| a | Ключевые слова | этнофункциональная психическая архегения | ||
| a | Ключевые слова | этнофункциональная психология | ||
| a | Ключевые слова | этнофункциональное рассогласование | ||
| 773 | 18 | t | Заглавие источника | Журнал прикладной психологии |
| d | Дата издания источника | 2004 | ||
| g | Прочая информация | № 1. - С. 59 - 65 | ||
| w | Контрольный № источника | RU/IS/BASE/136648712 | ||
| 901 | t | Тип документа | b |